Statistics for Its all about India

Click here to take the quiz!

General Stats

  • This quiz has been taken 2,316 times
  • The average score is 16 of 22

Answer Stats

Hint Answer % Correct
CapitalNew Delhi
99%
Major religionHinduism
96%
Most spoken languageHindi
96%
National riverGanga
93%
National animalTiger
92%
Father of the nationMahatma Gandhi
89%
The most populous country in the world is India after _______.China
88%
Year of freedom1947
88%
National fruitMango
83%
National birdPeacock
82%
Number of states28
81%
First prime ministerJawaharlal Nehru
79%
Smallest stateGoa
77%
Most populous stateUttar Pradesh
75%
First three words of national anthemJana Gana Mana
74%
Largest stateRajasthan
68%
Writer of the Indian national anthemRabindranath Tagore
67%
National songVande Mataram
54%
First presidentRajendra Prasad
52%
Least populous stateSikkim
51%
National aquatic animalDolphin
40%
National calenderSaka
14%

Score Distribution

Percentile by Number Answered

Percent of People with Each Score

Your Score History

You have not taken this quiz